The Wright brothers / (Record no. 9143)
[ view plain ]
| 000 -LEADER | |
|---|---|
| fixed length control field | 01492cam a22003974a 4500 |
| 001 - CONTROL NUMBER | |
| control field | 13783469 |
| 003 - CONTROL NUMBER IDENTIFIER | |
| control field | OSt |
| 005 - DATE AND TIME OF LATEST TRANSACTION | |
| control field | 20140310182059.0 |
| 008 - FIXED-LENGTH DATA ELEMENTS--GENERAL INFORMATION | |
| fixed length control field | 041116s2005 caua j 001 0beng |
| 010 ## - LIBRARY OF CONGRESS CONTROL NUMBER | |
| LC control number | 2004026923 |
| 020 ## - INTERNATIONAL STANDARD BOOK NUMBER | |
| International Standard Book Number | 1850152292 |
| 040 ## - CATALOGING SOURCE | |
| Original cataloging agency | DLC |
| Transcribing agency | DLC |
| Modifying agency | DLC |
| 041 0# - LANGUAGE CODE | |
| Language code of text/sound track or separate title | eng |
| -- | spa |
| 042 ## - AUTHENTICATION CODE | |
| Authentication code | pcc |
| 043 ## - GEOGRAPHIC AREA CODE | |
| Geographic area code | n-us--- |
| 050 00 - LIBRARY OF CONGRESS CALL NUMBER | |
| Classification number | TL 540 |
| Item number | .Sp771 1990 |
| 082 00 - DEWEY DECIMAL CLASSIFICATION NUMBER | |
| Classification number | HS 629.1309 |
| Item number | SPR 1990 |
| 100 1# - MAIN ENTRY--PERSONAL NAME | |
| Personal name | Sproule, Anna. |
| 9 (RLIN) | 12567 |
| 245 14 - TITLE STATEMENT | |
| Title | The Wright brothers / |
| Statement of responsibility, etc | Anna Sproule. |
| 246 31 - VARYING FORM OF TITLE | |
| Title proper/short title | Hermanos Wright : |
| Remainder of title | el comienzo de la aviación |
| 250 ## - EDITION STATEMENT | |
| Edition statement | English/Spanish ed. |
| 260 ## - PUBLICATION, DISTRIBUTION, ETC. (IMPRINT) | |
| Place of publication, distribution, etc | United Kingdom : |
| Name of publisher, distributor, etc | Exley Publication, |
| Date of publication, distribution, etc | c1990. |
| 300 ## - PHYSICAL DESCRIPTION | |
| Extent | 64 p. : |
| Other physical details | ill. (some col.) ; |
| Dimensions | 23 cm. |
| 490 1# - SERIES STATEMENT | |
| Series statement | Giants of science bilingual = |
| -- | Gigantes de la ciencia |
| 500 ## - GENERAL NOTE | |
| General note | Includes index. |
| 600 10 - SUBJECT ADDED ENTRY--PERSONAL NAME | |
| Personal name | Wright, Wilbur, |
| Dates associated with a name | 1867-1912 |
| Form subdivision | Juvenile literature. |
| 9 (RLIN) | 12568 |
| 600 10 - SUBJECT ADDED ENTRY--PERSONAL NAME | |
| Personal name | Wright, Orville, |
| Dates associated with a name | 1871-1948 |
| Form subdivision | Juvenile literature. |
| 9 (RLIN) | 12569 |
| 650 #0 - SUBJECT ADDED ENTRY--TOPICAL TERM | |
| Topical term or geographic name as entry element | Aeronautics |
| Geographic subdivision | United States |
| Form subdivision | Biography |
| -- | Juvenile literature. |
| 9 (RLIN) | 12570 |
| 650 #0 - SUBJECT ADDED ENTRY--TOPICAL TERM | |
| Topical term or geographic name as entry element | Aeronautics |
| Geographic subdivision | United States |
| General subdivision | History |
| Form subdivision | Juvenile literature. |
| 9 (RLIN) | 12571 |
| 830 #0 - SERIES ADDED ENTRY--UNIFORM TITLE | |
| Uniform title | Giants of science bilingual. |
| 9 (RLIN) | 12572 |
| 856 41 - ELECTRONIC LOCATION AND ACCESS | |
| Materials specified | Table of contents |
| Uniform Resource Identifier | <a href="http://www.loc.gov/catdir/toc/ecip053/2004026923.html">http://www.loc.gov/catdir/toc/ecip053/2004026923.html</a> |
| 906 ## - LOCAL DATA ELEMENT F, LDF (RLIN) | |
| a | 7 |
| b | cbc |
| c | orignew |
| d | 1 |
| e | ecip |
| f | 20 |
| g | y-gencatlg |
| 942 ## - ADDED ENTRY ELEMENTS (KOHA) | |
| Source of classification or shelving scheme | Library of Congress Classification |
| Koha item type | |
| Withdrawn status | Lost status | Source of classification or shelving scheme | Damaged status | Home library | Current library | Shelving location | Date acquired | Total Checkouts | Full call number | Barcode | Date last seen | Copy number | Price effective from | Koha item type |
|---|---|---|---|---|---|---|---|---|---|---|---|---|---|---|
| Library of Congress Classification | Luxembourg Library | Luxembourg Library | High School Section | 08/23/2013 | TL 540 .Sp771 1990 | 5229 | 08/23/2013 | 1 | 08/23/2013 | Books |